Electric circuits. (5th ed.) (Record no. 41417)

MARC details
000 -LEADER
fixed length control field 00622nam a2200181 a 4500
008 - FIXED-LENGTH DATA ELEMENTS--GENERAL INFORMATION
fixed length control field 120416s1966 ||||||||||||||||| || u
020 ## - INTERNATIONAL STANDARD BOOK NUMBER
International Standard Book Number 020155707x
050 ## - LIBRARY OF CONGRESS CALL NUMBER
Classification number TK 545 Nil
100 ## - MAIN ENTRY--PERSONAL NAME
Personal name Nilsson, James W
245 10 - TITLE STATEMENT
Title Electric circuits. (5th ed.)
250 ## - EDITION STATEMENT
Edition statement 5th ed.
260 ## - PUBLICATION, DISTRIBUTION, ETC.
Place of publication, distribution, etc. New York:
Name of publisher, distributor, etc. Addison-Wesly A
Date of publication, distribution, etc. 1966
300 ## - PHYSICAL DESCRIPTION
Extent xxxii, 983p. : ill.
350 ## - PRICE (NR) (BK AM CF MU VM SE) [OBSOLETE]
Price 0.00
650 ## - SUBJECT ADDED ENTRY--TOPICAL TERM
Topical term or geographic name entry element ELECTRIC CIRCUIT ANALYSIS--DATA PROCESSING
650 #0 - SUBJECT ADDED ENTRY--TOPICAL TERM
Topical term or geographic name entry element ELECTRIC CIRCUITS
995 ## - RECOMMENDATION 995 [LOCAL, UNIMARC FRANCE]
-- 0.00
-- CBU-MAIN LIBRARY (Kitwe)
-- 1
-- 0.00
-- 1
-- AVAILABLE
-- Main Library Open Access Collection
Holdings
Withdrawn status Lost status Source of classification or shelving scheme Damaged status Not for loan Home library Current library Shelving location Date acquired Total Checkouts Full call number Barcode Date last seen Date last checked out Price effective from Koha item type
          CBU-MAIN LIBRARY, KITWE. CBU-MAIN LIBRARY, KITWE.   11/30/2022 1 TK 545 Nil 38725 02/17/2025 02/04/2025 11/30/2022 MONOGRAPH